| 000 | 00850nam a22002417a 4500 | ||
|---|---|---|---|
| 003 | SISC | ||
| 005 | 20180724170555.0 | ||
| 008 | 180724b xxu||||| |||| 00| 0 eng d | ||
| 020 | _a9789719805427 | ||
| 050 |
_aQA 39 _b.O253 2016 |
||
| 100 | _aObias-Aonan, Grace | ||
| 245 |
_aGeneral mathematics for senior high school / _cGrace Obias-Aoanan, Ma. Lourdes Pidor-Plarizan, Beverly Tabay-Regidor, Lolly Jean Carupo-Simbulas |
||
| 260 |
_aQuezon City : _bC & E Publishing, _cc2016. |
||
| 300 |
_a468 pages : _billustrations ; _c26 cm. |
||
| 500 | _aIncludes index and bibliographical references. | ||
| 650 |
_aMathematical readiness _xStudy and teaching |
||
| 650 | _aMathematics | ||
| 700 | _aPidor-Plarizan, Ma. Lourdes | ||
| 700 | _aTabay-Regidor, Beverly | ||
| 700 | _aCarupo-Simbulas, Lolly Jean | ||
| 942 |
_2lcc _cBK |
||
| 999 |
_c358174 _d358174 |
||